El poema de Trifiodoro, La toma de Ilion (Record no. 85203)

MARC details
000 -LEADER
campo de control de longitud fija 00662nam a2200193 i 4500
001 - NÚMERO DE CONTROL
campo de control 85203
003 - IDENTIFICADOR DE NÚMERO DE CONTROL
campo de control ES-MaACL
005 - FECHA Y HORA DE LA ÚLTIMA TRANSACCIÓN
campo de control 20230906175212.0
007 - CAMPO FIJO DE DESCRIPCIÓN FÍSICA--INFORMACIÓN GENERAL
campo de control de longitud fija t|
008 - DATOS DE LONGITUD FIJA--INFORMACIÓN GENERAL
campo de control de longitud fija 041126s1923 sp ||||1| spa d
100 1# - ENTRADA PRINCIPAL--NOMBRE DE PERSONA
Nombre de persona Trifiodoro.
9 (RLIN) 111403
245 13 - MENCIÓN DEL TÍTULO
Título El poema de Trifiodoro, La toma de Ilion
Resto del título : . y El libro segundo de la Eneida de Virgilio /
Mención de responsabilidad, etc. puestos en verso castellano por Miguel Jiménez Aquino.
260 ## - PUBLICACIÓN, DISTRIBUCIÓN, ETC.
Lugar de publicación, distribución, etc. Madrid :
Nombre del editor, distribuidor, etc. [s.n.,
Fecha de publicación, distribución, etc. 1923] (
Fabricante Nieto y compañía)
300 ## - DESCRIPCIÓN FÍSICA
Extensión 144 p. ;
Dimensiones 19 cm.
700 1# - ENTRADA AGREGADA--NOMBRE PERSONAL
Nombre de persona Jiménez Aquino, Miguel.
9 (RLIN) 66447
700 1# - ENTRADA AGREGADA--NOMBRE PERSONAL
Nombre de persona Virgilio Marón, Publio.
9 (RLIN) 115452
740 1# - ENTRADA AGREGADA--TÍTULO RELACIONADO/ANALÍTICO NO CONTROLADO
Título relacionado o analítico no controlado Eneida, libro segundo.
852 ## - LOCALIZACIÓN
Ubicación ES-MaACL
Número de control de estantería F-4517
Holdings
Estatus retirado Estado de pérdida Estado de daño No para préstamo Biblioteca de origen Biblioteca actual Ubicación en estantería Fecha de adquisición Fuente de adquisición Total de préstamos Signatura topográfica completa Código de barras Visto por última vez Precio de reemplazo Tipo de ítem Koha
        Biblioteca del Ateneo de Madrid Biblioteca del Ateneo de Madrid Depósito 2 17/01/2008     F-4517 1089040 23/02/2023 23/02/2023 Libro impreso